000 00347 a2200133 4500
001 87772
082 _aPR 149
090 _c41231
_d41231
100 _aAmir Abdullah, Plt Off ; Syed Aoun, Plt Off
245 _aDesign build and fly contest 2011 HORUS
260 _aRisalpur
_bNUST Risalpur
_c2011
300 _a58p.
500 _aBE Project Reports
942 _aCAE NUST
_kPR 149
999 _c322845
_d322845